000 00691nam a22002177a 4500
005 20170124110250.0
010 _aB-106223
020 _c350.00
_a8120319575
035 _aB-106223
037 _bCen Lib/Ret
040 _aDPL
_bEN
082 _a537
_bPRA
100 _aPramanik, Ashutosh
_998523
245 _aElectromagnetism :
_btheory and applications /
_cby Ashutosh Pramanik
260 _aNew Delhi
_bPrentice Hall of India
_c2003
270 _bNew Delhi
_aM-97, Connaught circus
_e110001
300 _axxiii, 803p.
_c21cm(Hb)
500 _aIncludes bibliographical references and index
650 _aElectromagnetism.
_998524
942 _2ddc
_cEN
_h537
_mPRA
999 _c135802
_d135802